000 00713nam a2200253 i 4500
001 000033462
003 DO-SdBNP
005 20251015100919.0
007 ta
008 110830s1966 dr 000 0 spa d
040 _aDO-SdBNP
_bspa
_cBNPHU
_erda
041 _aspa
082 _axxx
_bB837c
_222
100 1 _aBrenes, Rafael Andrés
_eautor
_958979
245 1 0 _aDe Santo Tomás a San Luis /
_cAndrés Rafael Brenes.
264 _aSanto Domingo :
_bEditora Montalvo,
_c1966.
300 _a124 páginas ;
_c21 cm.
336 _ardacontent
_btexto
_2txt
337 _ardamedia
_bsin mediación
_2n
338 _ardacarrier
_bvolumen
_2nc
590 _aInventariado, 2025/DG
910 _aDG
942 _2ddc
_cLBS1
999 _c32953
_d32953